Обнаружение объектов видеоряда на основе технологии машинного обучения (на примере лесных пожаров): автореферат диссертации на соискание ученой степени кандидата технических наук; спец. 2.3.1
| מחבר ראשי: | |
|---|---|
| מחבר תאגידי: | |
| מחברים אחרים: | |
| סיכום: | Заглавие с титульного экрана Электронная версия печатной публикации Защита сост. 13.09.2023 |
| שפה: | רוסית |
| יצא לאור: |
Томск, 2023
|
| נושאים: | |
| גישה מקוונת: | http://earchive.tpu.ru/handle/11683/76503 |
| פורמט: | MixedMaterials אלקטרוני ספר |
| KOHA link: | https://koha.lib.tpu.ru/cgi-bin/koha/opac-detail.pl?biblionumber=379122 |
MARC
| LEADER | 00000nlm0a2200000 4500 | ||
|---|---|---|---|
| 001 | 379122 | ||
| 005 | 20231128103715.0 | ||
| 035 | |a (RuTPU)RU\TPU\retro\36584 | ||
| 035 | |a RU\TPU\retro\35422 | ||
| 090 | |a 379122 | ||
| 100 | |a 20230629d2023 k y0rusy50 ca | ||
| 101 | 0 | |a rus | |
| 102 | |a RU | ||
| 105 | |a a dm 000zy | ||
| 135 | |a drcn ---uucaa | ||
| 181 | 0 | |a i | |
| 182 | 0 | |a b | |
| 200 | 1 | |a Обнаружение объектов видеоряда на основе технологии машинного обучения (на примере лесных пожаров) |e автореферат диссертации на соискание ученой степени кандидата технических наук |e спец. 2.3.1 |f Н. В. Лаптев |g Национальный исследовательский Томский политехнический университет ; науч. рук. О. М. Гергет | |
| 203 | |a Текст |c электронный | ||
| 210 | |a Томск |d 2023 | ||
| 215 | |a 1 файл (2 480 КБ) | ||
| 300 | |a Заглавие с титульного экрана | ||
| 300 | |a Электронная версия печатной публикации | ||
| 300 | |a Защита сост. 13.09.2023 | ||
| 338 | |b Российский фонд фундаментальных исследований |d 20-37-90055 | ||
| 452 | 1 | |0 379270 |9 379270 |a Лаптев, Н. В. (специалист в области машиностроения ; 1995-) |c Томск |d 2023 |n [Б. и.] |o автореферат диссертации на соискание ученой степени кандидата технических наук |p 19 с. |t Обнаружение объектов видеоряда на основе технологии машинного обучения (на примере лесных пожаров) | |
| 606 | 1 | |a Распознавание образов |x Информационные технологии |2 stltpush |3 (RuTPU)RU\TPU\subj\53436 |9 71694 | |
| 610 | 1 | |a электронный ресурс | |
| 610 | 1 | |a авторефераты диссертаций | |
| 610 | 1 | |a труды учёных ТПУ | |
| 610 | 1 | |a объекты | |
| 610 | 1 | |a видеоряды | |
| 610 | 1 | |a машинное обучение | |
| 610 | 1 | |a лесные пожары | |
| 610 | 1 | |a алгоритмы | |
| 610 | 1 | |a цветовая обработка | |
| 610 | 1 | |a глубокое обучение | |
| 610 | 1 | |a динамические признаки | |
| 610 | 1 | |a локализация | |
| 610 | 1 | |a навигация | |
| 610 | 1 | |a роботы | |
| 610 | 1 | |a автоматическое обнаружение | |
| 610 | 1 | |a качество | |
| 610 | 1 | |a распознавание изображений | |
| 610 | 1 | |a компьютерное зрение | |
| 610 | 1 | |a прикладное программирование | |
| 610 | 1 | |a математический анализ | |
| 610 | 1 | |a моделирование | |
| 610 | 1 | |a математическая статистика | |
| 610 | 1 | |a нейронные сети | |
| 675 | |a 004.93'1(04) |v 4 | ||
| 686 | |a 05.13.01 |2 oksvnk | ||
| 700 | 1 | |a Лаптев |b Н. В. |c специалист в области машиностроения |c инженер Томского политехнического университета |f 1995- |g Никита Витальевич |3 (RuTPU)RU\TPU\pers\42918 | |
| 702 | 1 | |a Гергет |b О. М. |c специалист в области информатики и вычислительной техники |c профессор Томского политехнического университета, доктор наук |f 1974- |g Ольга Михайловна |3 (RuTPU)RU\TPU\pers\28996 |4 727 | |
| 712 | 0 | 2 | |a Национальный исследовательский Томский политехнический университет |b Инженерная школа информационных технологий и робототехники |b Отделение информационных технологий |3 (RuTPU)RU\TPU\col\23515 |
| 801 | 2 | |a RU |b 63413507 |c 20230630 |g RCR | |
| 856 | 4 | |u http://earchive.tpu.ru/handle/11683/76503 | |
| 942 | |c CF | ||